Normal view
MARC view
Entry Personal Name
001 - CONTROL NUMBER
- control field: 9289
003 - CONTROL NUMBER IDENTIFIER
- control field: OSt
005 - DATE AND TIME OF LATEST TRANSACTION
- control field: 20150908142648.0
008 - FIXED-LENGTH DATA ELEMENTS
- fixed length control field: 150908|| aca||aabn | a|a d
040 ## - CATALOGING SOURCE
- Original cataloging agency: OSt
- Transcribing agency: OSt
100 ## - HEADING--PERSONAL NAME
- Personal name: De, Ranjit Kumar
670 ## - SOURCE DATA FOUND
- Source citation: Work cat.: (OSt)20794: De, Ranjit Kumar, Socio-Political Movements in India, 1998









